Determinacion de deoxinivalenol (DON) en trigo, cebada y maiz, y su relacion con los niveles de mohos totales, fusarium spp., porcentaje de colonizacion y actividad de agua (Registro nro. 161130)

Detalles MARC
001 - NÚMERO DE CONTROL
campo de control 633378
005 - FECHA Y HORA DE LA ÚLTIMA TRANSACCIÓN
campo de control 20240615085823.0
008 - DATOS DE LONGITUD FIJA--INFORMACIÓN GENERAL
campo de control de longitud fija 001030s2000 spa
035 ## - NÚMERO DE CONTROL DEL SISTEMA
Número de control de sistema 633378
035 ## - NÚMERO DE CONTROL DEL SISTEMA
Número de control de sistema (OCoLC)819856689
040 ## - FUENTE DE LA CATALOGACIÓN
Centro/agencia transcriptor comduadb
041 ## - CÓDIGO DE LENGUA
Código de lengua del texto/banda sonora o título independiente spa
100 10 - ENTRADA PRINCIPAL--NOMBRE DE PERSONA
Nombre de persona Moreno Contreras, Marellys del Carmen
Código de función aut
Término indicativo de función/relación Autor/a
9 (RLIN) 333258
245 10 - MENCIÓN DE TÍTULO
Título Determinacion de deoxinivalenol (DON) en trigo, cebada y maiz, y su relacion con los niveles de mohos totales, fusarium spp., porcentaje de colonizacion y actividad de agua
650 #7 - PUNTO DE ACCESO ADICIONAL DE MATERIA--TÉRMINO DE MATERIA
Término de materia o nombre geográfico como elemento de entrada Cereales
Fuente del encabezamiento o término lemb
9 (RLIN) 45131
650 #7 - PUNTO DE ACCESO ADICIONAL DE MATERIA--TÉRMINO DE MATERIA
Término de materia o nombre geográfico como elemento de entrada Hongos
Fuente del encabezamiento o término dcs
9 (RLIN) 28228
700 10 - ENTRADA AGREGADA--NOMBRE PERSONAL
Nombre de persona Martinez Yepes, Amaury Jose
Código de función aut
Término indicativo de función/relación Autor/a
9 (RLIN) 333260
700 10 - ENTRADA AGREGADA--NOMBRE PERSONAL
Nombre de persona Raybaudi Martinez, Rosa
Código de función aut
Término indicativo de función/relación Autor/a
9 (RLIN) 333261
773 0# - ENLACE AL DOCUMENTO FUENTE/ENTRADA DE REGISTRO ANFITRIÓN
Título Archivos Latinoamericanos de Nutrición (Caracas)
Parte(s) relacionada(s) Volumen 50, Número 02, Junio 2000, p. 183-186
Número de control del registro 338842
Número Internacional Normalizado para Publicaciones Seriadas 0004-0622
Número bibliográfico anfitrión 114200
942 ## - ELEMENTOS DE ENTRADA AGREGADA (KOHA)
Tipo de ítem Koha Artículo de Revista

No hay ítems disponibles.